000 00695nam a2200229 i 4500
001 134175
003 ES-MaACL
005 20250824225601.0
007 t|
008 070906s1957 sp ||||1| spa d
100 1 _aWeygand, Maxime.
_9116600
245 1 0 _aMemorias /
_cgénéral Weygand ; [traducción directa del francés por Víctor Scholz].
250 _a1ª ed.
260 _aBarcelona :
_bAHR,
_c1957.
300 _a554 p. ;
_c21 cm.
490 1 _aLibros que hacen historia
600 1 4 _aWeygand, Maxime.
_9116600
700 1 _aScholz, Víctor.
_9104643
830 1 0 _aLibros que hacen historia (AHR)
_9182055
852 _aES-MaACL
_jC-12886
999 _c134175
_d134175